| 000 | 00000nam 2200000zi 4500 |
| 001 | 9.949360 |
| 003 | CaOODSP |
| 005 | 20251031142449 |
| 006 | m o d f |
| 007 | cr mn||||||||| |
| 008 | 250320t20252025onca ob f000 0 eng d |
| 020 | |a9780660765679 |
| 040 | |aCaOODSP|beng|erda|cCaOODSP |
| 043 | |an-cn--- |
| 086 | 1 |aM183-2/9236E-PDF |
| 100 | 1 |aBourdeau, J. E., |eauthor. |
| 245 | 10|aDatasets to support prospectivity modelling for graphite deposits and occurrences in Canada / |cJ.E. Bourdeau, C.J.M. Lawley. |
| 264 | 1|a[Ottawa] : |bGeological Survey of Canada, |c2025. |
| 264 | 4|c©2025 |
| 300 | |a1 online resource (6 pages) : |billustrations. |
| 336 | |atext|btxt|2rdacontent |
| 337 | |acomputer|bc|2rdamedia |
| 338 | |aonline resource|bcr|2rdacarrier |
| 490 | 1 |aOpen file, |x2816-7155 ; |v9236 |
| 504 | |aIncludes bibliographical references (page 6). |
| 520 | |a"Graphite is designated as a Canadian Critical Mineral. Herein, we provide an updated datacube supporting the mineral prospectivity modelling of graphite in Canada using existing public geoscience datasets that were used in previous national- and continental-scale prospectivity mapping activities"--Introduction, page 2. |
| 650 | 0|aGraphite|zCanada. |
| 650 | 0|aData sets|zCanada. |
| 650 | 0|aProspecting|zCanada. |
| 650 | 6|aGraphite|zCanada. |
| 650 | 6|aJeux de données|zCanada. |
| 650 | 6|aProspection|zCanada. |
| 710 | 2 |aGeological Survey of Canada, |eissuing body. |
| 830 | #0|aOpen file (Geological Survey of Canada)|x2816-7155 ; |v9236.|w(CaOODSP)9.506878 |
| 856 | 40|qPDF|s391 MB|uhttps://publications.gc.ca/collections/collection_2025/rncan-nrcan/m183-2/M183-2-9236-eng.pdf |
| 856 | 4 |qHTML|sN/A|uhttps://doi.org/10.4095/prabb6xmef |